Estatísticas para Os 10 principais países afetados pela Covid-19 - 9 de abril

Clique aqui para jogar o quiz

Estatísticas Gerais

  • Esse quiz foi jogado 15 vezes
  • A pontuação média é 10 de 14

Estatísticas das Respostas

número por
milhão
país% Correto
3261Espanha
100%
2375Itália
100%
1394Alemanha
93%
1397Estados Unidos
93%
1804França
93%
China
86%
Reino Unido
86%
1369Portugal
71%
2778Suíça
64%
Irão
50%
1471Áustria
43%
2156Bélgica
36%
1331Irlanda
36%
Turquia
36%

Distribuição das Pontuações

Percentil de Números Respondidos

Porcentagem de Pessoas com Cada Pontuação

Sua Pontuação Histórica

Você não jogou esse quiz